[Event "DEM U12 2023"]
[Site "Willingen GER"]
[Date "2023.05.28"]
[Round "1"]
[White "Sydykov, Bayastan"]
[Black "Rau, Eduard"]
[Result "1/2-1/2"]
[Termination "normal"]
[Board "6"]
[WhiteElo "1939"]
[BlackElo "1393"]
[WhiteClock "00:13:17"]
[BlackClock "00:54:31"]
[PlyCount "178"]
[WhiteFideId "13829610"]
[BlackFideId "16287231"]
[EventCountry "GER"]
[EventRounds "9"]
[EventType "swiss"]
[EventDate "2023.05.27"]

1. e4 {[%clk 01:30:55]  [%emt 00:00:05]} 1... e5 {[%clk 01:30:57]  [%emt
00:00:03]} 2. Nf3 {[%clk 01:31:11]  [%emt 00:00:14]} 2... Nc6 {[%clk 01:31:24] 
[%emt 00:00:04]} 3. Bb5 {[%clk 01:31:10]  [%emt 00:00:30]} 3... a6 {[%clk
01:31:50]  [%emt 00:00:04]} 4. Bxc6 {[%clk 01:31:12]  [%emt 00:00:27]} 4...
dxc6 {[%clk 01:32:17]  [%emt 00:00:04]} 5. O-O {[%clk 01:31:14]  [%emt
00:00:28]} 5... Bg4 {[%clk 01:32:25]  [%emt 00:00:22]} 6. h3 {[%clk 01:31:17] 
[%emt 00:00:27]} 6... Bh5 {[%clk 01:32:51]  [%emt 00:00:04]} 7. d3 {[%clk
01:30:56]  [%emt 00:00:51]} 7... f6 {[%clk 01:32:05]  [%emt 00:01:16]} 8. Be3
{[%clk 01:29:21]  [%emt 00:02:05]} 8... c5 {[%clk 01:30:48]  [%emt 00:01:47]}
9. Qe2 {[%clk 01:28:02]  [%emt 00:01:49]} 9... Bd6 {[%clk 01:30:21]  [%emt
00:00:56]} 10. Nbd2 {[%clk 01:26:55]  [%emt 00:01:38]} 10... Ne7 {[%clk
01:29:21]  [%emt 00:01:30]} 11. c3 {[%clk 01:24:39]  [%emt 00:02:46]} 11... Nc6
{[%clk 01:29:13]  [%emt 00:00:38]} 12. Rfd1 {[%clk 01:23:16]  [%emt 00:01:53]}
12... O-O {[%clk 01:26:54]  [%emt 00:02:50]} 13. Nf1 {[%clk 01:20:55]  [%emt
00:02:50]} 13... Qe7 {[%clk 01:22:56]  [%emt 00:04:19]} 14. g4 {[%clk 01:18:41]
 [%emt 00:02:52]} 14... Bg6 {[%clk 01:22:56]  [%emt 00:00:30]} 15. Ng3 {[%clk
01:18:20]  [%emt 00:00:52]} 15... Qe8 {[%clk 01:22:02]  [%emt 00:01:22]} 16.
Nh4 {[%clk 01:15:02]  [%emt 00:03:50]} 16... Ne7 {[%clk 01:21:58]  [%emt
00:00:34]} 17. Kh1 {[%clk 01:14:18]  [%emt 00:01:13]} 17... Qc6 {[%clk
01:19:30]  [%emt 00:02:59]} 18. f3 {[%clk 01:11:51]  [%emt 00:02:57]} 18... Qd7
{[%clk 01:18:16]  [%emt 00:01:43]} 19. Rg1 {[%clk 01:11:01]  [%emt 00:01:20]}
19... Kf7 {[%clk 01:16:44]  [%emt 00:02:03]} 20. Rad1 {[%clk 01:08:22]  [%emt
00:03:09]} 20... Rh8 {[%clk 01:15:46]  [%emt 00:01:28]} 21. d4 {[%clk 01:06:12]
 [%emt 00:02:40]} 21... exd4 {[%clk 01:15:52]  [%emt 00:00:23]} 22. cxd4 {[%clk
01:06:05]  [%emt 00:00:37]} 22... cxd4 {[%clk 01:11:34]  [%emt 00:04:48]} 23.
Rxd4 {[%clk 00:56:21]  [%emt 00:10:14]} 23... h5 {[%clk 01:10:25]  [%emt
00:01:40]} 24. Nxg6 {[%clk 00:55:16]  [%emt 00:01:34]} 24... Nxg6 {[%clk
01:10:32]  [%emt 00:00:23]} 25. Kg2 {[%clk 00:53:29]  [%emt 00:02:17]} 25...
hxg4 {[%clk 01:10:29]  [%emt 00:00:34]} 26. hxg4 {[%clk 00:53:09]  [%emt
00:00:49]} 26... Rh4 {[%clk 01:07:28]  [%emt 00:03:30]} 27. Rd5 {[%clk
00:47:48]  [%emt 00:05:53]} 27... Rah8 {[%clk 01:04:10]  [%emt 00:03:46]} 28.
Kf1 {[%clk 00:42:41]  [%emt 00:05:38]} 28... Qa4 {[%clk 01:02:53]  [%emt
00:01:45]} 29. b3 {[%clk 00:42:02]  [%emt 00:01:11]} 29... Qc6 {[%clk 01:02:09]
 [%emt 00:01:13]} 30. Qc4 {[%clk 00:23:33]  [%emt 00:19:00]} 30... Qxc4+ {[%clk
01:02:03]  [%emt 00:00:37]} 31. bxc4 {[%clk 00:24:01]  [%emt 00:00:02]} 31...
Ne5 {[%clk 01:01:44]  [%emt 00:00:49]} 32. c5 {[%clk 00:23:50]  [%emt
00:00:42]} 32... Be7 {[%clk 01:00:58]  [%emt 00:01:15]} 33. Kf2 {[%clk
00:24:05]  [%emt 00:00:15]} 33... Rh2+ {[%clk 01:00:43]  [%emt 00:00:44]} 34.
Rg2 {[%clk 00:24:16]  [%emt 00:00:19]} 34... c6 {[%clk 01:00:45]  [%emt
00:00:29]} 35. Rd2 {[%clk 00:21:12]  [%emt 00:03:34]} 35... Nc4 {[%clk
01:01:09]  [%emt 00:00:06]} 36. Re2 {[%clk 00:21:12]  [%emt 00:00:30]} 36...
Nxe3 {[%clk 01:01:30]  [%emt 00:00:08]} 37. Kxe3 {[%clk 00:21:36]  [%emt
00:00:07]} 37... Bxc5+ {[%clk 01:01:54]  [%emt 00:00:06]} 38. Kd3 {[%clk
00:21:50]  [%emt 00:00:16]} 38... Rxg2 {[%emt 00:00:23]} 39. Rxg2 {[%clk
00:22:12]  [%emt 00:00:05]} 39... b5 {[%clk 01:02:20]  [%emt 00:00:14]} 40. f4
{[%clk 00:21:07]  [%emt 00:01:35]} 40... Rh3 {[%clk 01:02:34]  [%emt 00:00:15]}
41. e5 {[%clk 00:19:28]  [%emt 00:02:09]} 41... fxe5 {[%clk 01:01:56]  [%emt
00:01:09]} 42. fxe5 {[%clk 00:19:45]  [%emt 00:00:13]} 42... Ke6 {[%clk
01:01:54]  [%emt 00:00:31]} 43. Ke4 {[%clk 00:19:40]  [%emt 00:00:35]} 43... g6
{[%clk 01:02:04]  [%emt 00:00:21]} 44. Nf5 {[%clk 00:17:02]  [%emt 00:03:08]}
44... Rc3 {[%clk 00:59:30]  [%emt 00:03:03]} 45. Nh4 {[%clk 00:15:46]  [%emt
00:01:46]} 45... Rc4+ {[%clk 00:59:30]  [%emt 00:00:31]} 46. Kf3 {[%clk
00:14:47]  [%emt 00:01:29]} 46... g5 {[%clk 00:57:51]  [%emt 00:02:09]} 47. Nf5
{[%clk 00:14:59]  [%emt 00:00:17]} 47... Kxe5 {[%clk 00:57:04]  [%emt
00:01:17]} 48. Re2+ {[%clk 00:15:02]  [%emt 00:00:27]} 48... Kf6 {[%clk
00:57:29]  [%emt 00:00:05]} 49. Re8 {[%clk 00:14:50]  [%emt 00:00:42]} 49...
Rc2 {[%clk 00:56:28]  [%emt 00:01:31]} 50. Rc8 {[%clk 00:13:51]  [%emt
00:01:29]} 50... Bb4 {[%clk 00:56:26]  [%emt 00:00:26]} 51. Nd4 {[%clk
00:13:10]  [%emt 00:01:17]} 51... Rc3+ {[%clk 00:55:02]  [%emt 00:01:55]} 52.
Ke4 {[%clk 00:13:23]  [%emt 00:00:17]} 52... c5 {[%clk 00:55:20]  [%emt
00:00:12]} 53. Rc6+ {[%clk 00:13:44]  [%emt 00:00:08]} 53... Kf7 {[%clk
00:55:33]  [%emt 00:00:17]} 54. Ne6 {[%clk 00:13:53]  [%emt 00:00:21]} 54...
Rc4+ {[%clk 00:55:10]  [%emt 00:00:53]} 55. Kf5 {[%clk 00:14:12]  [%emt
00:00:11]} 55... a5 {[%clk 00:54:20]  [%emt 00:01:21]} 56. Rc7+ {[%clk
00:14:32]  [%emt 00:00:10]} 56... Ke8 {[%clk 00:54:12]  [%emt 00:00:37]} 57.
Ng7+ {[%clk 00:14:54]  [%emt 00:00:08]} 57... Kf8 {[%clk 00:54:34]  [%emt
00:00:08]} 58. Ne6+ {[%clk 00:15:16]  [%emt 00:00:08]} 58... Ke8 {[%clk
00:54:59]  [%emt 00:00:06]} 59. Kf6 {[%clk 00:15:38]  [%emt 00:00:06]} 59...
Bc3+ {[%clk 00:55:03]  [%emt 00:00:28]} 60. Kf5 {[%clk 00:15:44]  [%emt
00:00:23]} 60... b4 {[%clk 00:54:12]  [%emt 00:01:22]} 61. Ra7 {[%clk 00:14:11]
 [%emt 00:02:02]} 61... Bd2 {[%clk 00:52:18]  [%emt 00:02:24]} 62. Rxa5 {[%clk
00:14:27]  [%emt 00:00:14]} 62... Be3 {[%clk 00:51:16]  [%emt 00:01:32]} 63.
Nc7+ {[%clk 00:13:35]  [%emt 00:01:22]} 63... Kd7 {[%clk 00:51:27]  [%emt
00:00:19]} 64. Nd5 {[%clk 00:14:01]  [%emt 00:00:05]} 64... Rc3 {[%clk
00:51:22]  [%emt 00:00:36]} 65. Nxe3 {[%clk 00:13:27]  [%emt 00:01:03]} 65...
Rxe3 {[%clk 00:51:43]  [%emt 00:00:08]} 66. Rxc5 {[%clk 00:13:44]  [%emt
00:00:12]} 66... Ra3 {[%clk 00:51:36]  [%emt 00:00:38]} 67. Rc4 {[%clk
00:12:13]  [%emt 00:02:02]} 67... Rxa2 {[%clk 00:51:28]  [%emt 00:00:38]} 68.
Rxb4 {[%clk 00:12:41]  [%emt 00:00:02]} 68... Ra5+ {[%clk 00:51:49]  [%emt
00:00:09]} 69. Kf6 {[%clk 00:13:05]  [%emt 00:00:06]} 69... Rc5 {[%clk
00:51:13]  [%emt 00:01:05]} 70. Rb7+ {[%clk 00:12:55]  [%emt 00:00:40]} 70...
Ke8 {[%clk 00:51:39]  [%emt 00:00:05]} 71. Rb8+ {[%clk 00:13:19]  [%emt
00:00:06]} 71... Kd7 {[%clk 00:52:04]  [%emt 00:00:05]} 72. Rg8 {[%clk
00:12:50]  [%emt 00:00:58]} 72... Rc6+ {[%clk 00:52:28]  [%emt 00:00:07]} 73.
Kxg5 {[%clk 00:13:07]  [%emt 00:00:12]} 73... Ke7 {[%clk 00:52:54]  [%emt
00:00:04]} 74. Rg7+ {[%clk 00:12:41]  [%emt 00:00:56]} 74... Kf8 {[%clk
00:53:15]  [%emt 00:00:09]} 75. Rg6 {[%clk 00:12:49]  [%emt 00:00:22]} 75...
Rc1 {[%clk 00:52:25]  [%emt 00:01:20]} 76. Rb6 {[%clk 00:12:30]  [%emt
00:00:49]} 76... Rg1 {[%clk 00:51:11]  [%emt 00:01:44]} 77. Kf6 {[%clk
00:12:47]  [%emt 00:00:13]} 77... Rf1+ {[%clk 00:51:38]  [%emt 00:00:03]} 78.
Kg6 {[%clk 00:13:05]  [%emt 00:00:13]} 78... Rg1 {[%clk 00:52:04]  [%emt
00:00:04]} 79. g5 {[%clk 00:13:12]  [%emt 00:00:23]} 79... Rg2 {[%clk 00:52:29]
 [%emt 00:00:04]} 80. Rb8+ {[%clk 00:13:06]  [%emt 00:00:36]} 80... Ke7 {[%clk
00:52:51]  [%emt 00:00:09]} 81. Kh6 {[%clk 00:13:08]  [%emt 00:00:28]} 81...
Kf7 {[%clk 00:52:41]  [%emt 00:00:39]} 82. Rb7+ {[%clk 00:13:10]  [%emt
00:00:29]} 82... Kf8 {[%clk 00:52:53]  [%emt 00:00:13]} 83. Kg6 {[%clk
00:13:22]  [%emt 00:00:23]} 83... Rg1 {[%clk 00:53:14]  [%emt 00:00:08]} 84.
Rb4 {[%clk 00:13:07]  [%emt 00:00:46]} 84... Rg2 {[%clk 00:53:20]  [%emt
00:00:23]} 85. Rf4+ {[%clk 00:12:55]  [%emt 00:00:42]} 85... Kg8 {[%clk
00:53:31]  [%emt 00:00:19]} 86. Kf6 {[%clk 00:12:54]  [%emt 00:00:32]} 86...
Ra2 {[%clk 00:53:20]  [%emt 00:00:40]} 87. Re4 {[%clk 00:12:52]  [%emt
00:00:32]} 87... Ra6+ {[%clk 00:53:44]  [%emt 00:00:07]} 88. Re6 {[%clk
00:12:53]  [%emt 00:00:29]} 88... Rxe6+ {[%clk 00:54:03]  [%emt 00:00:11]} 89.
Kxe6 {[%clk 00:13:17]  [%emt 00:00:05]} 89... Kg7 {[%clk 00:54:31]  [%emt
00:00:03]} 1/2-1/2

[Event "DEM U12 2023"]
[Site "Willingen GER"]
[Date "2023.05.28"]
[Round "1"]
[White "Herrmann, Arthur"]
[Black "Müller, Anker"]
[Result "1-0"]
[Termination "normal"]
[Board "8"]
[WhiteElo "1875"]
[BlackElo "1600"]
[WhiteClock "00:16:26"]
[BlackClock "00:28:05"]
[PlyCount "61"]
[WhiteFideId "16287150"]
[BlackFideId "1472070"]
[EventCountry "GER"]
[EventRounds "9"]
[EventType "swiss"]
[EventDate "2023.05.27"]

1. e4 {[%clk 01:30:58]  [%emt 00:00:02]} 1... c6 {[%clk 01:30:52]  [%emt
00:00:07]} 2. d4 {[%clk 01:31:24]  [%emt 00:00:05]} 2... d5 {[%clk 01:31:08] 
[%emt 00:00:14]} 3. exd5 {[%clk 01:31:49]  [%emt 00:00:05]} 3... cxd5 {[%clk
01:31:32]  [%emt 00:00:06]} 4. Bd3 {[%clk 01:32:13]  [%emt 00:00:05]} 4... Nc6
{[%clk 01:31:41]  [%emt 00:00:21]} 5. c3 {[%clk 01:32:39]  [%emt 00:00:04]}
5... Nf6 {[%clk 01:31:59]  [%emt 00:00:11]} 6. h3 {[%clk 01:33:05]  [%emt
00:00:06]} 6... g6 {[%clk 01:32:22]  [%emt 00:00:06]} 7. Nf3 {[%clk 01:33:29] 
[%emt 00:00:06]} 7... Bg7 {[%clk 01:32:11]  [%emt 00:00:41]} 8. O-O {[%clk
01:33:44]  [%emt 00:00:16]} 8... Bf5 {[%clk 01:32:23]  [%emt 00:00:17]} 9. Be2
{[%clk 01:34:06]  [%emt 00:00:09]} 9... Qc7 {[%clk 01:31:26]  [%emt 00:01:26]}
10. Re1 {[%emt 00:10:38]} 10... O-O {[%clk 01:23:33]  [%emt 00:08:21]} 11. Be3
{[%clk 01:20:00]  [%emt 00:04:31]} 11... a6 {[%clk 01:20:19]  [%emt 00:03:44]}
12. Nbd2 {[%clk 01:08:05]  [%emt 00:12:24]} 12... b5 {[%clk 01:20:18]  [%emt
00:00:32]} 13. Rc1 {[%clk 00:57:18]  [%emt 00:11:17]} 13... Na5 {[%clk
01:13:10]  [%emt 00:07:37]} 14. Ne5 {[%clk 00:47:52]  [%emt 00:09:56]} 14...
Nc4 {[%clk 01:11:14]  [%emt 00:02:26]} 15. Ndxc4 {[%clk 00:45:34]  [%emt
00:02:49]} 15... bxc4 {[%clk 01:11:24]  [%emt 00:00:20]} 16. b3 {[%clk
00:44:09]  [%emt 00:01:55]} 16... cxb3 {[%clk 01:07:31]  [%emt 00:04:22]} 17.
axb3 {[%clk 00:38:09]  [%emt 00:06:31]} 17... Nd7 {[%clk 00:52:30]  [%emt
00:15:32]} 18. Nxd7 {[%clk 00:35:42]  [%emt 00:02:56]} 18... Qxd7 {[%clk
00:52:34]  [%emt 00:00:26]} 19. c4 {[%clk 00:34:24]  [%emt 00:01:48]} 19...
dxc4 {[%clk 00:52:22]  [%emt 00:00:42]} 20. bxc4 {[%clk 00:33:51]  [%emt
00:01:04]} 20... Rfd8 {[%clk 00:49:59]  [%emt 00:02:52]} 21. Bf3 {[%clk
00:29:20]  [%emt 00:05:00]} 21... e5 {[%clk 00:43:46]  [%emt 00:06:43]} 22.
Bxa8 {[%clk 00:27:31]  [%emt 00:02:19]} 22... exd4 {[%clk 00:39:52]  [%emt
00:04:24]} 23. Bd5 {[%clk 00:25:50]  [%emt 00:02:12]} 23... dxe3 {[%clk
00:40:11]  [%emt 00:00:11]} 24. Qf3 {[%clk 00:21:58]  [%emt 00:04:21]} 24...
exf2+ {[%clk 00:38:48]  [%emt 00:01:54]} 25. Qxf2 {[%clk 00:21:37]  [%emt
00:00:51]} 25... Rb8 {[%clk 00:35:18]  [%emt 00:03:59]} 26. Rcd1 {[%clk
00:18:30]  [%emt 00:03:35]} 26... Rb2 {[%clk 00:31:43]  [%emt 00:04:06]} 27.
Bxf7+ {[%clk 00:15:36]  [%emt 00:03:26]} 27... Qxf7 {[%clk 00:31:51]  [%emt
00:00:21]} 28. Rd8+ {[%clk 00:15:59]  [%emt 00:00:07]} 28... Bf8 {[%clk
00:29:12]  [%emt 00:03:09]} 29. Qxb2 {[%clk 00:15:55]  [%emt 00:00:34]} 29...
Qc7 {[%clk 00:27:43]  [%emt 00:01:59]} 30. Rxf8+ {[%clk 00:16:01]  [%emt
00:00:24]} 30... Kxf8 {[%clk 00:28:05]  [%emt 00:00:08]} 31. Qh8+ {[%clk
00:16:26]  [%emt 00:00:06]} 1-0

[Event "DEM U12 2023"]
[Site "Willingen GER"]
[Date "2023.05.28"]
[Round "1"]
[White "Junge, Mattheo Gabriel"]
[Black "Buchinger, Alexis"]
[Result "1/2-1/2"]
[Termination "normal"]
[Board "9"]
[WhiteElo "1302"]
[BlackElo "1943"]
[WhiteClock "00:49:41"]
[BlackClock "00:01:14"]
[PlyCount "107"]
[WhiteFideId "34605908"]
[BlackFideId "16287134"]
[EventCountry "GER"]
[EventRounds "9"]
[EventType "swiss"]
[EventDate "2023.05.27"]

1. e4 {[%clk 01:30:47] [%emt 00:00:12]} 1... e5 {[%clk 01:30:57] [%emt
00:00:04]} 2. Nf3 {[%clk 01:31:10] [%emt 00:00:07]} 2... Nc6 {[%clk 01:31:17]
[%emt 00:00:10]} 3. Bb5 {[%clk 01:31:27] [%emt 00:00:13]} 3... Nf6 {[%clk
01:30:48] [%emt 00:00:58]} 4. d3 {[%clk 01:31:13] [%emt 00:00:44]} 4... Bc5
{[%clk 01:23:48] [%emt 00:07:31]} 5. O-O {[%clk 01:28:49] [%emt 00:02:54]} 5...
d6 {[%clk 01:22:48] [%emt 00:01:30]} 6. h3 {[%clk 01:28:02] [%emt 00:01:16]}
6... Bd7 {[%clk 01:16:29] [%emt 00:06:51]} 7. Re1 {[%clk 01:25:26] [%emt
00:03:05]} 7... Ne7 {[%clk 01:05:33] [%emt 00:11:27]} 8. Bxd7+ {[%clk 01:22:41]
[%emt 00:03:15]} 8... Qxd7 {[%clk 01:05:07] [%emt 00:00:55]} 9. c3 {[%clk
01:21:31] [%emt 00:01:40]} 9... Ng6 {[%clk 00:52:25] [%emt 00:13:13]} 10. d4
{[%clk 01:16:46] [%emt 00:05:14]} 10... Bb6 {[%clk 00:44:51] [%emt 00:08:05]}
11. a4 {[%clk 01:13:14] [%emt 00:04:01]} 11... c6 {[%clk 00:40:32] [%emt
00:04:49]} 12. Na3 {[%clk 01:12:27] [%emt 00:01:16]} 12... O-O {[%clk 00:38:29]
[%emt 00:02:35]} 13. Nc4 {[%clk 01:12:09] [%emt 00:00:45]} 13... Bc7 {[%clk
00:38:42] [%emt 00:00:19]} 14. Bg5 {[%clk 01:12:18] [%emt 00:00:20]} 14... Qe6
{[%clk 00:36:06] [%emt 00:03:06]} 15. Bxf6 {[%clk 01:06:19] [%emt 00:06:29]}
15... Qxf6 {[%clk 00:32:55] [%emt 00:03:42]} 16. dxe5 {[%clk 01:04:06] [%emt
00:02:43]} 16... dxe5 {[%clk 00:31:22] [%emt 00:02:03]} 17. Ne3 {[%clk
01:03:35] [%emt 00:01:01]} 17... Nf4 {[%clk 00:29:06] [%emt 00:02:46]} 18. Nf5
{[%clk 01:02:03] [%emt 00:02:01]} 18... Rad8 {[%clk 00:21:04] [%emt 00:08:33]}
19. Qc2 {[%clk 00:59:20] [%emt 00:03:13]} 19... g6 {[%clk 00:20:24] [%emt
00:01:10]} 20. Nh6+ {[%clk 00:58:22] [%emt 00:01:27]} 20... Kg7 {[%clk
00:20:45] [%emt 00:00:08]} 21. Ng4 {[%clk 00:58:42] [%emt 00:00:11]} 21... Qe6
{[%clk 00:20:28] [%emt 00:00:48]} 22. Kh2 {[%clk 00:54:07] [%emt 00:05:03]}
22... h5 {[%clk 00:18:24] [%emt 00:02:36]} 23. Ne3 {[%clk 00:53:26] [%emt
00:01:10]} 23... Rd3 {[%clk 00:16:25] [%emt 00:02:29]} 24. Rad1 {[%clk
00:52:08] [%emt 00:01:49]} 24... Rfd8 {[%clk 00:16:40] [%emt 00:00:15]} 25.
Rxd3 {[%clk 00:51:58] [%emt 00:00:40]} 25... Rxd3 {[%clk 00:16:42] [%emt
00:00:28]} 26. Rd1 {[%clk 00:52:08] [%emt 00:00:20]} 26... Qd7 {[%clk 00:16:18]
[%emt 00:00:54]} 27. Rxd3 {[%clk 00:51:54] [%emt 00:00:44]} 27... Qxd3 {[%clk
00:16:27] [%emt 00:00:21]} 28. Qb3 {[%clk 00:50:00] [%emt 00:02:23]} 28... b6
{[%clk 00:07:50] [%emt 00:09:08]} 29. Ng5 {[%clk 00:49:35] [%emt 00:00:53]}
29... Qd7 {[%clk 00:07:43] [%emt 00:00:39]} 30. g3 {[%clk 00:42:38] [%emt
00:07:26]} 30... Nd3 {[%clk 00:06:06] [%emt 00:02:07]} 31. Qc2 {[%clk 00:39:03]
[%emt 00:04:04]} 31... f6 {[%clk 00:01:49] [%emt 00:04:49]} 32. Nf3 {[%clk
00:39:04] [%emt 00:00:29]} 32... a5 {[%clk 00:01:40] [%emt 00:00:39]} 33. Qd2
{[%clk 00:34:42] [%emt 00:04:50]} 33... Qd8 {[%clk 00:01:50] [%emt 00:00:22]}
34. Ne1 {[%clk 00:31:14] [%emt 00:03:57]} 34... Nxe1 {[%clk 00:01:21] [%emt
00:00:59]} 35. Qxe1 {[%clk 00:31:36] [%emt 00:00:09]} 35... Qd3 {[%clk
00:00:47] [%emt 00:01:04]} 36. Qd1 {[%clk 00:31:37] [%emt 00:00:28]} 36... Qxd1
{[%clk 00:01:14] [%emt 00:00:03]} 37. Nxd1 {[%clk 00:31:58] [%emt 00:00:10]}
37... b5 {[%clk 00:01:09] [%emt 00:00:35]} 38. b3 {[%clk 00:31:40] [%emt
00:00:47]} 38... Bb6 {[%clk 00:01:22] [%emt 00:00:18]} 39. Kg2 {[%clk 00:31:52]
[%emt 00:00:16]} 39... Kf7 {[%clk 00:01:28] [%emt 00:00:26]} 40. Kf3 {[%clk
00:32:07] [%emt 00:00:15]} 40... Ke6 {[%clk 00:01:33] [%emt 00:00:25]} 41. Ke2
{[%clk 00:31:11] [%emt 00:01:26]} 41... f5 {[%clk 00:24:49] [%emt 00:07:14]}
42. f3 {[%clk 00:59:54] [%emt 00:01:45]} 42... fxe4 {[%clk 00:19:45] [%emt
00:05:36]} 43. fxe4 {[%clk 01:00:15] [%emt 00:00:09]} 43... Kd6 {[%clk
00:19:17] [%emt 00:00:58]} 44. Kd3 {[%clk 01:00:04] [%emt 00:00:41]} 44... Ba7
{[%clk 00:17:32] [%emt 00:02:14]} 45. Kd2 {[%clk 00:57:36] [%emt 00:02:57]}
45... Bg1 {[%clk 00:15:47] [%emt 00:02:16]} 46. Nb2 {[%clk 00:55:11] [%emt
00:02:54]} 46... Bh2 {[%clk 00:10:54] [%emt 00:05:24]} 47. g4 {[%clk 00:55:22]
[%emt 00:00:18]} 47... Bf4+ {[%clk 00:06:18] [%emt 00:05:07]} 48. Ke2 {[%clk
00:53:58] [%emt 00:01:53]} 48... Bg5 {[%clk 00:01:33] [%emt 00:05:15]} 49. Nd3
{[%clk 00:51:26] [%emt 00:03:03]} 49... hxg4 {[%clk 00:01:00] [%emt 00:01:04]}
50. hxg4 {[%clk 00:51:44] [%emt 00:00:12]} 50... Bd8 {[%clk 00:01:14] [%emt
00:00:15]} 51. c4 {[%clk 00:49:41] [%emt 00:02:34]} 51... b4 52. Kf3 c5 53. Nf2
Ke6 54. Nh3 1/2-1/2